Comuni della Campania - Quiz n°1 - Statistics

Statistiche generali
  • Questo quiz è stato fatto 19 volte
  • Il punteggio medio è 52 su 276
Statistiche sulle risposte
Provincia Comune % Corretto
Battipaglia
72%
Salerno
72%
Cava de' Tirreni
61%
Amalfi
56%
Avellino
56%
Eboli
50%
Salerno Maiori
50%
Minori
50%
Nocera Inferiore
50%
Sarno
50%
Angri
44%
Fisciano
44%
Nocera Superiore
44%
Positano
44%
Sapri
44%
Vietri sul Mare
44%
Agropoli
39%
Ariano Irpino
39%
Campagna
39%
Capaccio Paestum
39%
Castellabate
39%
Mercato San Severino
39%
Pagani
39%
Polla
39%
Pollica
39%
Ravello
39%
Scafati
39%
Vallo della Lucania
39%
Aquilonia
33%
Ascea
33%
Atrani
33%
Baronissi
33%
Buccino
33%
Camerota
33%
Casal Velino
33%
Centola
33%
Cetara
33%
Conca dei Marini
33%
Furore
33%
Giffoni Valle Piana
33%
Mirabella Eclano
33%
Montella
33%
Montoro
33%
Pisciotta
33%
Sala Consilina
33%
San Giovanni a Piro
33%
San Mango Piemonte
33%
Sant'Angelo dei Lombardi
33%
Stella Cilento
33%
Torchiara
33%
Atripalda
28%
Bisaccia
28%
Bracigliano
28%
Buonabitacolo
28%
Casalbuono
28%
Casaletto Spartano
28%
Castel San Giorgio
28%
Contursi Terme
28%
Giffoni Sei Casali
28%
Greci
28%
Ispani
28%
Laurino
28%
Laurito
28%
Moio della Civitella
28%
Montecorice
28%
Montemiletto
28%
Nusco
28%
Ogliastro Cilento
28%
Omignano
28%
Orria
28%
Padula
28%
Perdifumo
28%
Petina
28%
Pontecagnano Faiano
28%
Praiano
28%
Prignano Cilento
28%
Roccadaspide
28%
Roccagloriosa
28%
Roccapiemonte
28%
Salento
28%
San Gregorio Magno
28%
Santa Marina
28%
Sant'Angelo a Fasanella
28%
Sant'Arsenio
28%
Sanza
28%
Sassano
28%
Scampitella
28%
Sessa Cilento
28%
Taurasi
28%
Torraca
28%
Trentinara
28%
Tufo
28%
Vibonati
28%
Salerno Acerno
22%
Avellino Aiello del Sabato
22%
Altavilla Irpina
22%
Atena Lucana
22%
Auletta
22%
Bagnoli Irpino
22%
Baiano
22%
Bellizzi
22%
Bonito
22%
Campora
22%
Cassano Irpino
22%
Castelcivita
22%
Cervinara
22%
Cicerale
22%
Conza della Campania
22%
Futani
22%
Gioi
22%
Giungano
22%
Grottaminarda
22%
Lacedonia
22%
Laureana Cilento
22%
Melito Irpino
22%
Monteforte Irpino
22%
Montefusco
22%
Ottati
22%
Pellezzano
22%
Pertosa
22%
Postiglione
22%
Roccabascerana
22%
San Martino Valle Caudina
22%
San Mauro Cilento
22%
San Mauro La Bruca
22%
Scala
22%
Serre
22%
Torre Orsaia
22%
Tramonti
22%
Trevico
22%
Vallata
22%
Vallesaccarda
22%
Alfano
17%
Altavilla Silentina
17%
Andretta
17%
Bellosguardo
17%
Caggiano
17%
Celle di Bulgheria
17%
Felitto
17%
Guardia Lombardi
17%
Lauro
17%
Mercogliano
17%
Monteforte Cilento
17%
Morigerati
17%
Novi Velia
17%
Palomonte
17%
Perito
17%
Piaggine
17%
Quindici
17%
Rofrano
17%
Rutino
17%
San Pietro al Tanagro
17%
San Rufo
17%
Sant'Egidio del Monte Albino
17%
Santomenna
17%
Serramezzana
17%
Siano
17%
Solofra
17%
Stio
17%
Teggiano
17%
Tortorella
17%
Valle dell'Angelo
17%
Valva
17%
Albanella
11%
Calabritto
11%
Calitri
11%
Calvanico
11%
Caselle in Pittari
11%
Castel Baronia
11%
Castelnuovo Cilento
11%
Castel San Lorenzo
11%
Castiglione del Genovesi
11%
Chianche
11%
Corbara
11%
Fontanarosa
11%
Frigento
11%
Gesualdo
11%
Laviano
11%
Lioni
11%
Lustra
11%
Montemarano
11%
Montesano sulla Marcellana
11%
Olevano sul Tusciano
11%
Prata di Principato Ultra
11%
Ricigliano
11%
Romagnano al Monte
11%
Salvitelle
11%
San Cipriano Picentino
11%
San Nicola Baronia
11%
San Sossio Baronia
11%
Sorbo Serpico
11%
Sturno
11%
Zungoli
11%
Aquara
6%
Avella
6%
Cairano
6%
Candida
6%
Cannalonga
6%
Carife
6%
Casalbore
6%
Castelfranci
6%
Ceraso
6%
Colliano
6%
Controne
6%
Corleto Monforte
6%
Cuccaro Vetere
6%
Flumeri
6%
Luogosano
6%
Magliano Vetere
6%
Marzano di Nola
6%
Montano Antilia
6%
Montecalvo Irpino
6%
Montecorvino Pugliano
6%
Montecorvino Rovella
6%
Monte San Giacomo
6%
Morra De Sanctis
6%
Pietradefusi
6%
Pietrastornina
6%
Rocca San Felice
6%
Roscigno
6%
Sacco
6%
Salza Irpina
6%
San Marzano sul Sarno
6%
San Potito Ultra
6%
Sant'Andrea di Conza
6%
Avellino Santo Stefano del Sole
6%
Savignano Irpino
6%
Senerchia
6%
Sirignano
6%
Summonte
6%
Teora
6%
Torella dei Lombardi
6%
Venticano
6%
Villamaina
6%
Caposele
0%
Capriglia Irpina
0%
Castelnuovo di Conza
0%
Castelvetere sul Calore
0%
Cesinali
0%
Chiusano di San Domenico
0%
Contrada
0%
Domicella
0%
Forino
0%
Grottolella
0%
Lapio
0%
Monocalzati
0%
Montaguto
0%
Montefaclione
0%
Montefredane
0%
Monteverde
0%
Moschiano
0%
Mugnano del Carsinale
0%
Olivero Citra
0%
Ospedaletto d'Alpinolo
0%
Pago del Vallo di Lauro
0%
Paolise
0%
Paternopoli
0%
Petruro Irpino
0%
Pretola Serra
0%
Quadrelle
0%
Rotondi
0%
San Mango sul Cadore
0%
San Michele di Serino
0%
Santa Lucia di Serino
0%
Sant'Angelo all'Esca
0%
Sant'Angelo di Scala
0%
Santa Paolina
0%
San Vlentino Torio
0%
Serino
0%
Sicignano degli Albumi
0%
Sperone
0%
Taurano
0%
Torre Le Nocelle
0%
Torrioni
0%
Villanova del Battista
0%
Volturara Iprina
0%
Nessun quiz corrispondente trovato
Distribuzione punteggi
Percentuale di utenti per punteggio
Percentile per numero di risposta
I tuoi punteggi nel tempo
Non hai fatto questo quiz